Черный человек: Роман

Մատենագիտական մանրամասներ
Հիմնական հեղինակ: Головачев В. В. Василий Васильевич
Լեզու:ռուսերեն
Հրապարակվել է: Москва, ЭКСМО-Пресс, 2001
Շարք:Абсолютное оружие
Мироздание по Василию
Խորագրեր:
Ձևաչափ: Գիրք
KOHA link:https://koha.lib.tpu.ru/cgi-bin/koha/opac-detail.pl?biblionumber=56837

MARC

LEADER 00000nam0a2200000 4500
001 56837
005 20231031053742.0
010 |a 5040007175 
035 |a (RuTPU)RU\TPU\book\59697 
090 |a 56837 
100 |a 20031010d2001 m y0rusy50 ca 
101 0 |a rus 
102 |a RU 
105 |a y z 000ay 
200 1 |a Черный человек  |e Роман  |f В. В. Головачев 
210 |a Москва  |c ЭКСМО-Пресс  |d 2001 
215 |a 704 с. 
225 1 |a Абсолютное оружие 
225 1 |a Мироздание по Василию 
610 1 |a русская литература 
610 1 |a романы 
610 1 |a фантастика 
610 1 |a боевики 
675 |a Р2  |v 3 
700 1 |a Головачев  |b В. В.  |g Василий Васильевич 
801 1 |a RU  |b 63413507  |c 20031010  |g PSBO 
801 2 |a RU  |b 63413507  |c 20031027  |g PSBO 
942 |c BK